[Event "GAMMA Reykjavik Open 2019"]
[Site "Reykjavik"]
[Date "2019.04.11"]
[Round "5.18"]
[White "Parligras, Mircea-Emilian"]
[Black "Le Goff, Ronan"]
[Result "1-0"]
[WhiteElo "2633"]
[BlackElo "2186"]
[Annotator "TA"]
[PlyCount "133"]
[EventDate "2019.04.04"]
[EventType "swiss"]
[EventCountry "ISL"]
[SourceTitle "playchess.com"]
[Source "ChessBase"]
[SourceQuality "1"]

{[%evp 20,133,31,28,37,36,44,47,43,49,64,34,34,31,30,19,24,18,22,20,40,23,9,2,18,9,18,20,22,7,7,7,18,8,21,0,0,0,0,0,10,0,7,8,26,26,26,26,26,16,26,26,26,26,26,26,26,26,26,26,26,11,26,11,34,28,49,52,102,48,102,102,145,145,147,145,136,129,149,162,145,133,179,177,149,96,92,91,175,160,157,135,168,175,187,120,299,293,765,765,765,765,734,702,4149,4149,4149,4149,4149,4149,4149,4141,4141,4137,4137,4129]} 1. Nf3 Nf6 2. c4 e6 3. Nc3 d5 4. e3 Be7 5. b3 O-O 6. Bb2 b6 7. cxd5 exd5 8. d4 Bb7 9. Bd3 Nbd7 10. O-O c5 11. Rc1 Ne4 {E14: Queen's Indian: Classical Variation (4 e3)} (11... Re8 12. Bb1 Bd6 13. Ne2 Qe7 14. dxc5 bxc5 15. Ng3 g6 16. Bd3 a6 17. Re1 Ng4 18. Qc2 Rac8 19. Qe2 Nge5 20. Nxe5 {½-½ (20) Vakhidov,J (2586)-Ghaem Maghami,E (2569) Guilan 2016}) 12. Qe2 cxd4 13. Nxd4 Ndc5 {White is slightly better.} 14. Bb5 $146 ({Predecessor:} 14. Bb1 Nxc3 15. Bxc3 Ba6 16. Qg4 Bf6 17. Rfd1 Rc8 18. e4 Re8 19. exd5 Qxd5 {1-0 (41) Ajay Krishna,S (2281)-Gokhale,A (2021) Bhopal 2017}) 14... Bf6 15. Rfd1 Nxc3 16. Bxc3 Rc8 17. Qg4 a6 18. Bd3 Nxd3 19. Rxd3 Re8 20. Qd1 Be5 21. Nf3 Bd6 22. Bd4 Rxc1 23. Qxc1 b5 24. Qb2 f6 25. Rc3 Qd7 26. h3 Qf5 27. Qc1 Rc8 28. Rxc8+ Qxc8 29. Qb1 Qe6 30. b4 Qe4 (30... Qc8 {is more complex.} 31. a3 Qc7 32. Bb2 Bc8 33. Nd2 Bh2+) 31. Qb3 Bc8 {Threatening ...Bxh3!} 32. Nd2 Qe6 33. a3 Qf7 34. Qd3 Qg6 35. Qxg6 hxg6 $11 {[%mdl 4096] Endgame KBB-KBN} 36. f4 Kf7 37. Nb3 Bf5 38. Kf2 Bc2 39. Na5 Bc7 40. Nc6 Bf5 41. Bc5 Bd7 42. Nd4 g5 43. fxg5 Be5 44. Nb3 ({White should play} 44. Nf3 $16) 44... Bb2 (44... fxg5 $14 45. Bd4 Bc7) 45. gxf6 $16 gxf6 46. Bd4 Bxa3 47. Bc3 $1 Bf5 48. g4 Bc2 49. Nd4 $1 {[%cal Rd4c2]} Bd3 50. Nc6 Ke6 51. h4 $1 Kd6 52. Na5 ({White should try} 52. Nd4) 52... d4 53. exd4 Bc1 {[#]} (53... Bg6 $16) 54. Nb3 $1 $18 {[%cal Rb3c1]} Bh6 55. Nc5 Bh7 56. Nxa6 Kd5 {[#]} 57. Bb2 (57. Nc7+ $1 $18 Kc4 58. d5) 57... Bd2 $2 (57... Bf4 $16 {was worth a try.} 58. Nc5 Bc2) 58. Nc7+ Ke4 $2 (58... Kd6) 59. Ne8 {White is clearly winning.} Kf4 60. Ke2 Bxb4 61. Nxf6 Bc2 62. Nd5+ {[%mdl 64] Double Attack} Kxg4 63. Nxb4 Bb3 64. d5 Kxh4 65. d6 {d7 would kill now.} Be6 {[#]} 66. Nd5 $1 {[%mdl 512]} Kg5 (66... Bxd5 67. d7) 67. Nb6 {Accuracy: White = 61%, Black = 30%.} 1-0

[Event "GAMMA Reykjavik Open 2019"]
[Site "Reykjavik"]
[Date "2019.04.11"]
[Round "5.19"]
[White "Bewersdorff, Oliver"]
[Black "Gupta, Abhijeet"]
[Result "0-1"]
[WhiteElo "2261"]
[BlackElo "2602"]
[Annotator "TA"]
[PlyCount "80"]
[EventDate "2019.04.04"]
[EventType "swiss"]
[EventCountry "ISL"]
[SourceTitle "playchess.com"]
[Source "ChessBase"]
[SourceQuality "1"]

{[%evp 14,80,5,0,8,0,-4,-16,-2,-21,-17,-19,11,7,5,-14,0,-5,11,8,20,11,17,-26,-6,-25,-17,-25,-26,-47,-15,-75,-75,-84,-79,-66,-76,-83,-69,-144,-135,-200,-200,-199,-189,-191,-185,-197,-197,-185,-171,-166,-166,-206,-211,-230,-230,-382,-396,-372,-389,-386,-386,-377,-383,-377,-361,-393,-354]} 1. c4 Nf6 2. g3 c6 3. Nf3 d5 4. b3 dxc4 5. bxc4 e5 6. Nc3 {A12: English Opening: 1...c6 with b3 by White} Bd6 7. Bg2 O-O 8. O-O {LiveBook: 7 Games. The position is equal.} h6 9. d3 Na6 10. Bb2 $146 ({Predecessor:} 10. Rb1 Nc5 11. Be3 Qe7 12. Nd2 Ng4 13. Bxc5 Bxc5 {½-½ (58) Olivier,J (2364)-Papa,S (2456) Geneve 2005}) 10... Qe7 11. Nd2 Nc5 12. Na4 Bg4 13. Nxc5 Bxc5 14. Nb3 Bd6 15. Qc2 Rad8 16. Rab1 Nh7 17. c5 Bc7 18. f3 Be6 19. Rbd1 h5 {[%cal Bh6h5,Bh5h4][%mdl 32]} 20. d4 h4 21. dxe5 Bxb3 22. axb3 (22. Qxb3 $11 {remains equal.} Bxe5 23. Qe3) 22... Bxe5 $17 23. Bxe5 Qxe5 24. gxh4 Qe3+ 25. Kh1 Nf6 26. Rd3 (26. b4 $15) 26... Rxd3 27. exd3 (27. Qxd3 $17 {is a better defense.} Qxd3 28. exd3) 27... Rd8 $19 28. Rd1 Rd4 29. Qd2 Qxd2 30. Rxd2 {[%mdl 4096] Endgame KRB-KRN} Nd7 (30... Rxh4 31. d4 $17) 31. Rc2 Rxd3 {White must now prevent ...Rd1+.} 32. Bh3 Nf6 33. Ra2 a6 ({Resist} 33... Rxb3 34. Rxa7 Rxf3 35. Bc8 $17) ({Don't take} 33... Rxf3 34. Bc8 $17) 34. Ra3 {[#]} Ne4 $1 {[%mdl 576] Pin} 35. Bf1 $2 (35. Bf5 Rd1+ 36. Kg2 Rd2+ 37. Kg1 Rd1+ 38. Kg2 Nxc5 39. b4) (35. fxe4 Rxh3) 35... Rxf3 {Black is winning.} 36. Bg2 Nf2+ 37. Kg1 Nh3+ 38. Kh1 Rc3 39. Bf1 Nf2+ 40. Kg2 Ne4 {Accuracy: White = 39%, Black = 71%.} 0-1

[Event "GAMMA Reykjavik Open 2019"]
[Site "Reykjavik"]
[Date "2019.04.11"]
[Round "5.20"]
[White "Piasetski, Leon"]
[Black "Christiansen, Johan-Sebastian"]
[Result "1-0"]
[WhiteElo "2222"]
[BlackElo "2571"]
[Annotator "TA"]
[PlyCount "101"]
[EventDate "2019.04.04"]
[EventType "swiss"]
[EventCountry "ISL"]
[SourceTitle "playchess.com"]
[Source "ChessBase"]
[SourceQuality "1"]

{[%evp 9,101,17,32,23,28,23,27,29,94,89,100,74,91,79,95,98,98,85,89,93,95,94,91,90,110,97,136,150,159,137,172,168,195,178,246,222,246,183,210,192,163,179,188,188,246,142,152,87,109,102,170,175,217,131,308,163,155,153,152,138,166,182,178,181,249,228,289,267,303,145,347,242,325,330,553,543,652,666,1029,1017,1224,1181,2868,2472,29981,2419,29988,29989,29989,29988,29988,29989,29989,5052]} 1. c4 c5 2. Nf3 Nc6 3. d4 cxd4 4. Nxd4 e5 5. Nb5 a6 6. N5c3 {A30: Symmetrical English: Double Fianchetto and Hedgehog} (6. Nd6+ Bxd6 7. Qxd6 Qf6 8. Qd2 Nge7 9. Nc3 O-O 10. g3 b5 11. c5 Nd4 12. Bg2 Rb8 {0-1 (28) Lagno,K (2556)-Grandelius,N (2647) Caleta 2018}) 6... d6 7. Nd5 $146 ({Predecessor:} 7. g3 Nf6 8. Bg2 Be6 9. Nd5 Bxd5 10. cxd5 Ne7 11. O-O g6 12. Bg5 Bg7 {1-0 (51) Zarandieta Lopera,V (2042)-Llamas Jimenez,R (1601) Lucena 2012}) 7... Nge7 8. Nbc3 {White has an edge.} Nf5 (8... Nxd5 $11 {remains equal.} 9. cxd5 Nd4) 9. g3 $16 Rb8 10. a4 Nfd4 11. Be3 Bf5 {White must now prevent ...Nc2+.} 12. Rc1 g6 13. b4 Bg7 14. a5 O-O 15. Bg2 Be6 16. Bd2 Kh8 17. O-O f6 18. e3 Nf5 19. Qa4 h5 20. Rfd1 h4 21. Be1 Bd7 (21... Nce7 {keeps fighting.} 22. Qc2 hxg3) 22. Qa3 Be8 23. Rd3 Nh6 24. Rcd1 (24. gxh4 f5) 24... f5 25. Nb6 {Hoping for b5.} Nf7 26. b5 Na7 (26... axb5 $142 27. Nxb5 (27. cxb5 Na7 $16) 27... e4) 27. Rd5 (27. Rxd6 $18 Nxd6 28. Rxd6) 27... Qg5 28. Qb3 ({White should try} 28. bxa6 bxa6 29. gxh4) 28... Qh5 29. Rb1 Bf6 (29... Qh6 $16 {was called for.}) 30. Qd1 $18 Qh6 31. f4 Kg7 $2 (31... Nc8 $16) 32. Qc2 (32. Rxd6 $142 hxg3 33. hxg3 (33. Bxg3 Nxd6 34. Qxd6 {[%mdl 64] Double Attack} Rd8 $16) 33... axb5 34. cxb5 Nxd6 35. Qxd6 {[%mdl 64] Double Attack}) 32... Rh8 33. Kf1 hxg3 34. hxg3 ({Resist} 34. Bxg3 Nc8 $14) 34... Nc8 35. bxa6 bxa6 36. Rdd1 Bd8 (36... Ne7 {might work better.} 37. Nbd5 Bc6) 37. Ncd5 Na7 38. Bc3 Nc6 {[#]} 39. e4 (39. c5 $1 $18 {[%mdl 512] has better winning chances.}) 39... Qh5 $2 (39... Qh2 $16) 40. exf5 gxf5 41. Ne3 Bxb6 $2 (41... Kf8 42. Qxf5 Qxf5 43. Nxf5 Bc7) 42. Rxb6 Rxb6 43. axb6 Bd7 44. fxe5 Ncxe5 {[#]} 45. Rxd6 $1 {[%mdl 512]} Qg5 (45... Nxd6 46. Bxe5+) 46. Rxd7 {Bxe5+ would kill now.} Qxe3 {[#]} 47. Bd4 (47. Rxf7+ $142 $1 {[%mdl 512]} Kxf7 48. Qxf5+ {[%mdl 64] Double Attack} Ke8 49. Qe6+ Kd8 50. Bxe5 Qd3+ 51. Kf2 Qd2+ 52. Kf3 Rf8+ 53. Bf6+ Rxf6+ 54. Qxf6+ Ke8 55. b7 Qd1+ 56. Kf4) 47... Qxg3 48. Qxf5 {White mates.} Kh6 49. Qf6+ Ng6 50. Rxf7 Rg8 51. Qf3 {Accuracy: White = 61%, Black = 27%.} (51. Be4 $142 Qf4+ 52. Qxf4+ Nxf4 53. Be3 Kh5 54. Bxf4 Kg4 55. Kf2 Kh5 56. Kf3 Rh8 57. Rg7 a5 58. Kg3 Rf8 59. Rh7#) 1-0

[Event "GAMMA Reykjavik Open 2019"]
[Site "Reykjavik"]
[Date "2019.04.11"]
[Round "5.21"]
[White "Ghazarian, Kirk"]
[Black "Djukic, Nikola"]
[Result "0-1"]
[WhiteElo "2209"]
[BlackElo "2566"]
[Annotator "TA"]
[PlyCount "133"]
[EventDate "2019.04.04"]
[EventType "swiss"]
[EventCountry "ISL"]
[SourceTitle "playchess.com"]
[Source "ChessBase"]
[SourceQuality "1"]

{[%evp 12,133,42,45,35,12,55,31,85,63,65,19,53,12,26,29,55,-54,41,45,41,38,29,29,20,33,29,40,32,0,0,0,0,0,0,-17,-28,-27,-18,-19,-20,-20,-20,-19,0,-5,0,0,0,0,0,0,0,0,0,0,0,0,0,-10,-10,-8,-8,-8,-8,-8,-8,-8,-8,-8,-8,-11,-11,-18,-18,-18,-4,-33,-18,-18,-18,-18,-20,-23,-21,-48,-33,-51,-51,-473,-462,-241,-241,-29958,-29960,-29960,-29961,-29965,-8,-29962,-29965,-29963,-29963,-29969,-29971,-29971,-29972,-29972,-29973,-29975,-29974,-29973,-29974,-29974,-29975,-29976,-29976,-29986,-29987,-29987,-29988,-29988,-29989,-29989]} 1. d4 g6 2. e4 Bg7 3. Nc3 d6 4. Be3 a6 5. Qd2 Nd7 6. f3 b5 7. O-O-O Bb7 {B06: Modern Defence} 8. h4 h6 9. Nge2 (9. Kb1 Nb6 10. Bd3 Nf6 11. Nh3 Nfd7 12. Nf4 e6 13. Nce2 {0-1 (43) Fressinet,L (2662)-Petrosian,T (2601) Riadh 2017}) 9... Rc8 (9... h5 $14) 10. h5 g5 $1 11. Ng3 $146 ({Predecessor:} 11. d5 c5 12. dxc6 Bxc6 13. Nd5 Ngf6 14. Nxf6+ Bxf6 15. Nd4 {1-0 (45) Hamdouchi,H (2555)-Kotrotsos,V (2310) Athens 2005}) 11... e6 $1 12. f4 gxf4 13. Bxf4 Ne7 14. Qe2 ({White should try} 14. Kb1 $14) 14... Bxd4 ({Better is} 14... b4 $15 15. Na4 c5 16. Bxd6 cxd4) 15. Rxd4 $14 {aiming for Rd1.} e5 16. Bxe5 Nxe5 17. Qe3 Rg8 18. Be2 N7c6 19. Rd2 Qg5 20. Qxg5 Rxg5 21. Nf5 Ne7 $1 $36 {[%cal Re7f5][%mdl 2048] Black is more active.} 22. Nxh6 Kf8 23. g4 b4 24. Nd5 Bxd5 25. exd5 Kg7 26. Nf5+ $1 ({Don't blunder} 26. Bxa6 $2 Ra8 $19) 26... Nxf5 27. gxf5 Rxf5 28. h6+ Kh7 29. Bxa6 Ra8 30. Bd3 Nxd3+ 31. Rxd3 Rxa2 $11 {[%mdl 4096] Endgame Threatens to win with ...Ra1+. KRR-KRR} 32. Kb1 Ra8 33. c3 b3 34. c4 $1 Rb8 35. Kc1 Rf4 36. Rc3 Rb4 37. c5 dxc5 38. Rxc5 Rbc4+ 39. Rxc4 Rxc4+ {KR-KR} 40. Kd2 Rc5 41. Kd3 Rxd5+ 42. Ke4 Rd2 43. Rf1 Kg6 ({But not} 43... Kxh6 44. Rxf7 Rc2 45. Ke3 $15) 44. h7 (44. Rh1 $5 {[%cal Rh6h7]} Kh7 45. Rf1 $17) 44... Rh2 45. Rf3 $1 Rxh7 46. Rg3+ Kf6 47. Rxb3 Ke6 48. Kf4 c5 49. Rb6+ Kd5 50. Rf6 $2 {[%mdl 8192]} (50. Ke3 $15) 50... Rh2 $19 51. Ke3 (51. Rb6 $142 Rh4+ 52. Ke3) 51... Rxb2 52. Rxf7 $2 (52. Kd3 $19) 52... Kc4 $1 {[%cal Rc4c3]} 53. Rc7 Rc2 54. Rc8 Kb3 $1 {Strongly threatening ...c4.} 55. Rb8+ $2 {[%mdl 8192]} (55. Rc6 $11) 55... Kc3 $1 {Black mates.} 56. Rb5 {[#]} c4 $1 57. Rb1 Rh2 58. Rc1+ {[#]} Kb3 $1 59. Rb1+ Kc2 60. Ra1 Kb2 61. Ra4 c3 62. Rb4+ Kc1 63. Rb5 c2 64. Rb4 Kd1 65. Rd4+ Ke1 66. Rc4 Rh3+ 67. Kd4 {Accuracy: White = 37%, Black = 71%.} 0-1

[Event "GAMMA Reykjavik Open 2019"]
[Site "Reykjavik"]
[Date "2019.04.11"]
[Round "5.22"]
[White "Praggnanandhaa R"]
[Black "Kristjansson, Atli Freyr"]
[Result "1-0"]
[WhiteElo "2537"]
[BlackElo "2198"]
[Annotator "TA"]
[PlyCount "75"]
[EventDate "2019.04.04"]
[EventType "swiss"]
[EventCountry "ISL"]
[SourceTitle "playchess.com"]
[Source "ChessBase"]
[SourceQuality "1"]

{[%evp 9,75,14,28,0,8,0,0,0,43,38,66,29,22,6,17,13,12,0,16,17,25,14,62,78,100,103,102,94,93,100,123,123,107,123,133,114,169,177,167,170,173,160,205,217,210,192,194,170,667,654,976,959,1220,1211,1551,1529,29972,29973,5489,5473,2341,2238,29986,29987,29979,1383,1214,1208]} 1. e4 e5 2. Nf3 Nc6 3. Bb5 Nf6 4. d3 Bc5 5. c3 d5 6. Qe2 {next d4 is good for White. C65: Ruy Lopez: Berlin Defence (3...Nf6), unusual lines and 4 0-0 Bc5} (6. Nbd2 dxe4 7. dxe4 O-O 8. O-O Qe7 9. b4 Bd6 10. a3 a5 11. Rb1 axb4 12. axb4 Be6 13. Re1 Rfd8 14. Qc2 h6 15. Bf1 Ra2 16. Bb2 Qe8 {½-½ (56) Carlsen,M (2835)-Kramnik,V (2777) Wijk aan Zee 2019}) 6... O-O 7. O-O Re8 8. Bg5 {The position is equal.} Bg4 9. Nbd2 dxe4 10. dxe4 h6 11. Bh4 g5 12. Bg3 Nh5 13. Qc4 Nxg3 $146 ({Predecessor:} 13... Qd6 14. b4 Bb6 {½-½ (34) Starcevic,G (2180)-Milekic,D (2172) Belgrade 2010}) 14. hxg3 {Hoping for Bxc6.} Qd6 15. Nh2 Be6 16. Qe2 $1 Bd7 17. b4 Bb6 18. a4 $36 {[%mdl 2048] And now a5 would win. White has strong initiative.} a6 19. Nc4 Qf6 20. Nxb6 cxb6 21. Bc4 Rac8 22. Rad1 Be6 (22... Nb8 $16 {might work better.}) 23. Bxe6 $18 Qxe6 24. Ng4 Ne7 {[#]} 25. Rd3 $1 Red8 {Threatens to win with ...Rxd3.} 26. Rfd1 Rxd3 27. Rxd3 Kg7 28. Qd1 Ng6 $2 (28... Qc6 29. f3 (29. Nxe5 Qxe4 30. Nd7 Rc6 $14) 29... b5) 29. Ne3 Qc6 30. Nf5+ Kf8 31. Qh5 Qf6 32. Qxh6+ Kg8 33. Rd6 Qh8 34. Qxg5 {White wants to mate with Ne7+.} Re8 35. Nh6+ Kg7 {[#]} 36. Nxf7 $1 {[%mdl 512]} Qh7 {[#]} (36... Kxf7 37. Qf5+) 37. Qf6+ (37. Nh6 $142 $1 {[%mdl 512]} Qxh6 38. Rd7+ {[%mdl 64] Double Attack} Re7 39. Rxe7+ Kg8 40. Qxh6 Nxe7 41. Qxb6 Kf7 42. Qxb7) 37... Kg8 38. Ng5 {Accuracy: White = 74%, Black = 34%.} 1-0

[Event "GAMMA Reykjavik Open 2019"]
[Site "Reykjavik"]
[Date "2019.04.11"]
[Round "5.23"]
[White "Siddharth, Jagadeesh"]
[Black "Gukesh D"]
[Result "1/2-1/2"]
[WhiteElo "2132"]
[BlackElo "2536"]
[Annotator "TA"]
[PlyCount "79"]
[EventDate "2019.04.04"]
[EventType "swiss"]
[EventCountry "ISL"]
[SourceTitle "playchess.com"]
[Source "ChessBase"]
[SourceQuality "1"]

{[%evp 18,79,7,9,68,-2,0,2,40,31,22,22,44,40,38,10,18,0,0,0,18,18,16,0,62,0,0,0,0,0,0,0,0,0,103,-71,0,-206,-206,-358,-325,-335,-324,-310,0,0,0,0,0,0,0,0,0,0,0,0,0,0,62,43,43,44,63,64]} 1. Nf3 Nf6 2. c4 g6 3. Nc3 Bg7 4. g3 O-O 5. Bg2 d5 6. cxd5 Nxd5 7. O-O c5 8. Nxd5 Qxd5 9. d3 Nc6 10. Be3 Qd7 {A38: Symmetrical English vs ...g6: 4 Bg2 Bg7 5 Nf3 Nf6} (10... Bd7 $11) 11. Qc1 $146 ({White should play} 11. Rc1 $14) ({Predecessor:} 11. Rc1 b6 12. d4 Ba6 13. dxc5 Qxd1 14. Rfxd1 Bxb2 15. Rb1 Bg7 16. cxb6 axb6 17. Rxb6 Na5 18. Nd2 Ra7 19. Bf3 Rd8 20. Nf1 Rxd1 21. Rb8+ {1-0 (21) Miroshnichenko,E (2690)-Stupak,K (2451) Ohrid 2009}) 11... b6 $11 12. d4 cxd4 {The position is equal.} 13. Nxd4 Nxd4 14. Bxd4 Qxd4 15. Bxa8 Bf5 16. Bf3 Rc8 17. Qd1 Qxb2 18. Rc1 Rxc1 19. Qxc1 Qxa2 20. Qc6 Bf6 (20... h5 $11) 21. Rd1 (21. Bd5 $14 Qxe2 22. Qe8+ Kg7 23. Qxf7+ Kh6 24. Bg2) 21... Kg7 22. Qe8 {Black must now prevent Rd8.} Bh3 23. e3 e6 24. Qd7 a5 25. Rc1 a4 (25... Be5 $11 {remains equal.}) 26. Rc7 $2 (26. Bd1 $1 $16 {is necessary to keep the advantage.} Be5 27. Bxa4) 26... Kh6 ({Better is} 26... Qb1+ $1 $17 27. Qd1 (27. Bd1 Kh6 $17) 27... Qf5) 27. Bd1 $2 (27. Rc1 $1 $11 {and White is okay.}) 27... Qb1 $19 {( -> ...Qb4)} 28. Qd2 $2 (28. f3 Be5 29. Rc2) 28... a3 29. Rxf7 {[#]} Bg4 $1 {[%cal Rg4d1]} 30. f3 {[#]} a2 $2 (30... Bxf3 $1 $19 31. Rxf6 Qxd1+ 32. Qxd1 Bxd1) 31. e4+ $11 Bg5 32. Qd7 $1 $36 {[%csl Gd7][%cal Rf7h7][%mdl 2048] White is pushing.} Be3+ 33. Kf1 $1 Bh3+ 34. Ke2 Qb2+ $1 ({And not} 34... a1=Q 35. Rxh7+ Kg5 36. f4+ Bxf4 37. Qd8+ Qf6 38. gxf4+ Kxf4 39. Qxf6+ Kxe4 40. Rh4+ Kd5 41. Rd4+ Kc6 42. Ba4+ Qb5+ 43. Rc4+ Kb7 44. Bxb5) 35. Kxe3 Qc3+ 36. Ke2 Qb2+ 37. Ke3 Qh8 (37... Qc3+ $11 38. Kf2 Qc5+ 39. Ke2 Qc4+ 40. Ke3 Qc5+ 41. Kd2 Qb4+ 42. Kc2 Qb1+ 43. Kd2 Qb4+ 44. Ke2 Qc4+ 45. Ke3 Qc1+ 46. Ke2 Qc4+) 38. Rxh7+ $1 $14 {White is slightly better.} Qxh7 39. Qa4 Qc7 40. Qxa2 {Accuracy: White = 49%, Black = 61%.} 1/2-1/2

[Event "GAMMA Reykjavik Open 2019"]
[Site "Reykjavik"]
[Date "2019.04.11"]
[Round "5.24"]
[White "Bentel, Robin"]
[Black "Sadzikowski, Daniel"]
[Result "0-1"]
[WhiteElo "2130"]
[BlackElo "2523"]
[Annotator "TA"]
[PlyCount "60"]
[EventDate "2019.04.04"]
[EventType "swiss"]
[EventCountry "ISL"]
[SourceTitle "playchess.com"]
[Source "ChessBase"]
[SourceQuality "1"]

{[%evp 9,60,0,16,0,18,22,0,0,37,23,26,32,29,17,31,7,3,-12,-14,-14,-14,-10,11,9,19,-2,31,15,17,-43,-43,-151,-128,-118,-139,-127,-114,-171,-143,-151,-125,-161,-150,-183,-178,-325,-316,-404,-385,-406,-390,-636,-625]} 1. d4 Nf6 2. c4 e6 3. g3 d5 4. Nf3 Nbd7 5. Qc2 Bb4+ 6. Bd2 {E01: Catalan: Early deviations} Be7 7. Bg2 O-O 8. O-O {The position is equal.} Ne4 (8... c6 9. Rd1 b6 10. Bf4 Nh5 11. Bd2 Nhf6 12. Bf4 Nh5 13. Bd2 Bb7 14. Ne5 Rc8 15. Nc3 Nhf6 16. Bf4 Nh5 17. Bd2 a6 18. e4 dxc4 19. Nxc4 b5 20. Ne3 c5 21. d5 c4 22. a4 Qb6 23. axb5 axb5 24. Ne2 {½-½ (54) Cheparinov,I (2709)-Karjakin,S (2753) St Petersburg 2018}) 9. Nc3 Nxd2 10. Nxd2 c6 11. Rfd1 Rb8 12. a4 $146 ({Predecessor:} 12. e4 dxe4 13. Ndxe4 f5 14. Nd2 e5 15. d5 Qc7 16. a3 e4 17. b4 Nf6 18. dxc6 bxc6 {½-½ (58) Vasquez Schroder,R (2554)-Peralta,F (2559) Barcelona 2018}) 12... a5 13. Qd3 f5 14. Nf3 Bd6 15. e3 Kh8 16. Ne2 Qe7 17. Qc3 dxc4 18. Qxc4 e5 19. h4 ({White should try} 19. dxe5 $11 Nxe5 20. Qd4 Nxf3+ 21. Bxf3) 19... e4 $36 {[%mdl 2048] Black is more active.} 20. Ng5 (20. Nd2 $1 $15) 20... Nb6 {[%cal Bd7b6,Bb6d5,Bd5b4][%mdl 32]} 21. Qb3 Nd5 22. Nc3 {[#]} Nb4 $1 {aiming for ...h6.} 23. Bf1 (23. d5 $17 {might work better.}) 23... h6 $19 24. Nh3 Bd7 25. d5 Be8 26. dxc6 bxc6 {[#] And now ...Bf7 would win.} 27. Nf4 (27. Rd2 $142) 27... Bf7 {...Bxf4 is the strong threat.} 28. Bc4 {Threatening Rxd6!} Bxf4 (28... Nd3 $2 29. Bxf7 Bxf4 30. Qe6 $19) 29. Bxf7 Be5 ({Not} 29... Rxf7 30. exf4 Qa7 31. Qc4 $17) (29... Qxf7 30. Qxf7 Rxf7 31. exf4 $17) 30. Qe6 $2 (30. Bh5) 30... Rxf7 {Accuracy: White = 24%, Black = 71%.} 0-1

[Event "GAMMA Reykjavik Open 2019"]
[Site "Reykjavik"]
[Date "2019.04.11"]
[Round "5.25"]
[White "Low, Zhen Yu Cyrus"]
[Black "Fridjonsson, Julius"]
[Result "1-0"]
[WhiteElo "2418"]
[BlackElo "2117"]
[Annotator "TA"]
[PlyCount "131"]
[EventDate "2019.04.04"]
[EventType "swiss"]
[EventCountry "ISL"]
[SourceTitle "playchess.com"]
[Source "ChessBase"]
[SourceQuality "1"]

{[%evp 12,131,32,35,41,34,17,42,41,23,48,49,66,12,4,27,6,22,13,10,13,0,32,20,16,25,46,40,87,52,58,21,60,46,63,46,52,50,52,53,54,44,49,42,46,36,43,28,78,78,76,73,87,64,91,70,77,77,122,116,123,119,121,72,81,89,203,198,193,81,64,59,54,56,52,8,54,53,54,40,237,233,311,160,167,42,32,22,28,0,31,41,37,8,8,0,11,11,11,11,11,11,11,8,51,25,74,77,77,85,87,78,331,292,516,347,1026,1015,920,600,557,302]} 1. e4 c6 2. d4 d5 3. f3 Qb6 4. Nc3 dxe4 5. fxe4 e5 6. Nf3 {[%cal Bg1f3,Bf3d4,Bd4b5,Bb5d6][%mdl 32] B12: Caro-Kann: Advance Variation} exd4 7. Nxd4 {LiveBook: 19 Games} Nd7 8. Ndb5 $146 {White is slightly better.} ({Predecessor:} 8. Be2 Ne5 9. Bf4 Ng6 10. Be3 Qxb2 11. Na4 {1-0 (51) Hou,Y (2673)-Ruck,R (2568) Bastia 2014}) 8... Ngf6 9. Nd6+ $1 Bxd6 $1 10. Qxd6 Nc5 ({Reject} 10... Ng4 $6 11. Qg3 $16) 11. b3 {Threatens to win with Be3.} Ne6 12. e5 (12. Ba3 $14 Qe3+ 13. Kd1) 12... Ng4 $11 13. Ne4 Qa5+ 14. Bd2 {[%cal Bc1d2,Bd2b4,Bb4c5][%mdl 32]} Qxe5 15. Qxe5 Nxe5 16. Bb4 c5 (16... a5 $5 {[%cal Ra5b4]} 17. Ba3 a4 $11) 17. Nxc5 Nxc5 18. Bxc5 Bg4 19. h3 Be6 20. O-O-O f6 21. Bd6 Nc6 22. Be2 Kf7 23. Bf3 Rac8 24. Kb2 Rhd8 25. c4 Rd7 26. Bg3 Rcd8 27. Rxd7+ Rxd7 28. Kc3 Nd4 29. Bd1 Nf5 30. Bf2 b6 31. Bf3 Ne7 32. a4 Ng6 33. a5 Ne5 {aiming for ...Rd3+.} 34. axb6 axb6 35. Be2 ({Don't play} 35. Bxb6 $6 Rd3+ 36. Kb4 Nxf3 $11) 35... Rb7 36. Ra1 Bd7 37. Bd4 Bc6 38. g3 Ke6 (38... Nf3 $16) 39. Ra6 $18 Nd7 40. Kb4 (40. c5 $1 $18 {has better winning chances.}) 40... Kd6 $16 41. Ra8 Nc5 42. Rd8+ Rd7 43. Rh8 h6 44. Bg4 Re7 45. Rd8+ Bd7 $2 {[#]} ({Black should play} 45... Kc7 $14 46. Rc8+ Kd6) 46. Bxd7 $1 $18 Rxd7 {[%mdl 4096] Endgame KRB-KRN} 47. Rc8 (47. Rxd7+ $18 Nxd7 48. Kb5) 47... Rb7 {[#]} 48. Be3 (48. Kb5 $1 $18) 48... Kd7 $14 49. Rg8 Kc6 50. Rc8+ Kd7 $1 {[%cal Rd7c8]} 51. Ra8 Kc6 52. g4 Rd7 53. h4 Rd3 {[%csl Gc5][%cal Rd3b3]} (53... Nd3+ {with more complications.} 54. Kc3 Ne5 55. Bf4 Nxg4 56. h5 Re7) 54. Bxc5 $1 bxc5+ $11 {KR-KR} 55. Ka4 Rg3 56. Ra6+ Kb7 57. Re6 Rxg4 58. Kb5 Rg3 59. Re7+ Kc8 60. Kxc5 Rxb3 61. Rxg7 {Black must now prevent Rh7.} Re3 $2 {[%mdl 8192]} (61... f5 $16) 62. Rh7 $18 Re8 $2 (62... f5 {is a better defense.} 63. Rxh6 Kd7) 63. Rxh6 f5 $2 (63... Kd7 64. Rxf6 Re5+ 65. Kd4 Rh5) 64. Kd6 {White is clearly winning.} Rd8+ 65. Ke5 Kc7 66. Rh5 {Precision: White = 53%, Black = 46%.} 1-0